| 000 | 00764cam a22002415a 4500 | ||
|---|---|---|---|
| 001 | 1144830 | ||
| 005 | 20180318114931.0 | ||
| 008 | 950907t1996 mnua fr 001 0 eng d | ||
| 020 | _a0314068147 | ||
| 020 | _a9780314068149 | ||
| 040 |
_aDLC _cDLC _dDLC _dEG-ScBUE _beng |
||
| 082 | 0 | 4 |
_a005.133 _222 _bLAW |
| 100 | 1 | _aLawlor, Steven C. | |
| 245 | 1 | 4 |
_aThe art of programming : _bcomputer science with C / _cSteven C. Lawlor. |
| 260 |
_aMinneapolis/St. Paul : _bWest Pub. Co., _cc.1996. |
||
| 300 |
_axxiv, 567 p. : _bill. (some col.) ; _c26 cm. |
||
| 500 | _aIndex : p. 563-567. | ||
| 650 | 7 |
_aC (Computer program language) _2BUEsh _93405 |
|
| 650 | 7 |
_aComputer programming. _2BUEsh _93821 |
|
| 651 | _2BUEsh | ||
| 653 |
_bGGEN _bCOMSCI _cMarch2018 |
||
| 942 | _2ddc | ||
| 999 |
_c26326 _d26298 |
||